[Event "Padova op-B 3rd"]
[Site "Padova"]
[Date "2000.12.10"]
[Round "5.20"]
[White "Lucisano, Pierbasilio"]
[Black "Forapan, Fabio"]
[Result "0-1"]
[WhiteElo "1485"]
[BlackElo "1606"]
[PlyCount "108"]
[EventDate "2000.12.02"]
[EventType "swiss"]
[EventRounds "6"]
[EventCountry "ITA"]
[SourceTitle "EXT 2024"]
[Source "ChessBase"]
[SourceDate "2023.10.10"]
[SourceVersion "1"]
[SourceVersionDate "2023.10.10"]
[SourceQuality "1"]

1. e4 d6 2. d4 Nf6 3. Bd3 g6 4. Ne2 Bg7 5. c3 c6 6. 0-0 0-0 7. Bg5 Qc7 8. Qd2 e5 9. dxe5 dxe5 10. Na3 Rd8 11. f3 Be6 12. Rad1 Nbd7 13. Nc1 Nc5 14. Qe2 b5 15. Be3 Nb7 16. Bc2 Rd6 17. Rxd6 Nxd6 18. Bb3 Bc8 19. Nd3 Qe7 20. Rd1 a5 21. Bc5 Nd7 22. Qe3 a4 23. Bc2 Qe6 24. Nb4 Nb7 25. Bb6 Bf8 26. Kf1 c5 27. Nxb5 Qxb6 28. Nd5 Qxb5+ 29. Kg1 Qc6 30. Qg5 c4 31. h4 h6 32. Qg3 Nf6 33. Qxe5 Nxd5 34. exd5 Qd6 35. Qe2 Bd7 36. Qxc4 Qc5+ 37. Qxc5 Nxc5 38. c4 Rb8 39. b3 axb3 40. axb3 Bf5 41. Bxf5 gxf5 42. d6 Nxb3 43. d7 Rd8 44. Rd5 Nc5 45. Rxf5 Rxd7 46. g4 Rd4 47. f4 Rxc4 48. Kf2 Ne6 49. Kg3 Nxf4 50. g5 Ne2+ 51. Kf2 Rf4+ 52. Rxf4 Nxf4 53. gxh6 Bxh6 54. Kf3 f5 0-1